Football: Coupe du Monde 1930 - Statistiques

Statistiques générales
  • Ce quiz a été pris 131 fois
  • Le résultat moyen est 10 sur 13
Statistiques - réponses
Réponse % Correct
Uruguay
100%
France
99%
Brésil
98%
Argentine
94%
Etats-Unis
91%
Mexique
83%
Chili
79%
Pérou
66%
Paraguay
62%
Belgique
59%
Bolivie
59%
Yougoslavie
59%
Roumanie
26%
Aucun quiz correspondant
Distribution des résultats
% des personnes avec chaque résultat
Percentile par nombre de réponses
Votre historique - résultats
Vous n’avez pas pris ce quiz